[Event "36. Copenhagen Open (Politiken Cup)"]
[Site "Elsinore"]
[Date "2014.07.22"]
[Round "3"]
[White "Nielsen, Jan Mose"]
[Black "Svane, Frederik"]
[Result "1-0"]
[WhiteElo "2078"]
[BlackElo "1824"]
[PlyCount "71"]
[EventDate "2014.07.21"]
[EventType "swiss"]
[EventRounds "10"]
[EventCountry "DEN"]
[Source "ChessBase"]
[SourceDate "2014.08.29"]

1. e4 c5 2. d4 cxd4 3. c3 d3 4. Bxd3 Nc6 5. c4 Nf6 6. Nf3 d6 7. h3 g6 8. O-O
Bg7 9. Nc3 O-O 10. Be3 b6 11. Rc1 Bb7 12. Qe2 Rc8 13. Rfd1 Nd7 14. Bb1 Nce5 15.
Nxe5 Nxe5 16. b3 a6 17. Qd2 Nd7 18. Bh6 Nf6 19. Bxg7 Kxg7 20. Qe3 Qc7 21. Na4
Nd7 22. Rc2 Qc6 23. f3 b5 24. cxb5 Qxb5 25. Rdc1 f6 26. Rc7 Rxc7 27. Rxc7 Rc8
28. Bd3 Qxa4 29. Rxc8 Qa5 30. b4 Qxb4 31. Rc7 Ne5 32. Rxe7+ Kg8 33. Qh6 Qe1+
34. Bf1 Qe3+ 35. Qxe3 Kf8 36. Rxb7 1-0

[Event "36. Copenhagen Open (Politiken Cup)"]
[Site "Elsinore"]
[Date "2014.07.22"]
[Round "3"]
[White "Nielsen, Jens Holm"]
[Black "Jacobsen, Caroline Beer"]
[Result "1-0"]
[WhiteElo "1802"]
[BlackElo "1622"]
[PlyCount "117"]
[EventDate "2014.07.21"]
[EventType "swiss"]
[EventRounds "10"]
[EventCountry "DEN"]
[Source "ChessBase"]
[SourceDate "2014.08.29"]

1. Nc3 Nf6 2. e4 e5 3. Nf3 Nc6 4. Bc4 Nxe4 5. Nxe4 d5 6. Bd3 dxe4 7. Bxe4 Qf6
8. d3 Bg4 9. c3 Bc5 10. Be3 Bb6 11. Qa4 Bxe3 12. fxe3 Bxf3 13. Bxf3 O-O 14. O-O
Qh6 15. Rae1 f5 16. Qb3+ Kh8 17. Bxc6 Qxc6 18. d4 exd4 19. exd4 Rf6 20. Rf2 f4
21. d5 Qb6 22. Qxb6 axb6 23. Re7 Rc8 24. Rfe2 h5 25. Re8+ Rxe8 26. Rxe8+ Kh7
27. Re7 c6 28. Re5 Kh6 29. h4 Rg6 30. Kf2 Rd6 31. c4 b5 32. Re6+ Rxe6 33. dxe6
Kg6 34. cxb5 cxb5 35. Kf3 Kf6 36. Kxf4 g6 37. e7 Kxe7 38. Ke5 b4 39. a4 b3 40.
a5 Kd7 41. Kd5 Kc7 42. Kc5 Kd7 43. Kb6 Kc8 44. g3 Kb8 45. a6 bxa6 46. Kxa6 Kc7
47. Kb5 Kd6 48. Kc4 Ke5 49. Kxb3 Kf5 50. Kc3 Kg4 51. b4 Kxg3 52. b5 Kxh4 53. b6
Kg4 54. b7 h4 55. b8=Q g5 56. Kd3 h3 57. Ke3 Kh4 58. Kf3 g4+ 59. Kf2 1-0

[Event "36. Copenhagen Open (Politiken Cup)"]
[Site "Elsinore"]
[Date "2014.07.22"]
[Round "3"]
[White "Nielsen, Jorgen Lovgren"]
[Black "Strachan, Christian C"]
[Result "1/2-1/2"]
[WhiteElo "2135"]
[BlackElo "1918"]
[PlyCount "68"]
[EventDate "2014.07.21"]
[EventType "swiss"]
[EventRounds "10"]
[EventCountry "DEN"]
[Source "ChessBase"]
[SourceDate "2014.08.29"]

1. e4 e6 2. d4 d5 3. Nd2 Nf6 4. e5 Nfd7 5. Bd3 c5 6. c3 Nc6 7. Ne2 Qb6 8. Nf3
cxd4 9. cxd4 f6 10. exf6 Nxf6 11. O-O Bd6 12. Nc3 O-O 13. Bg5 Bd7 14. a3 a6 15.
Re1 Rac8 16. Na4 Qc7 17. Rc1 Bf4 18. Bxf4 Qxf4 19. Nc5 Rce8 20. Nxb7 Ne4 21.
Rc2 Nxd4 22. Nxd4 Nxf2 23. Qd2 Nxd3 24. Qxd3 e5 25. Nc6 Bxc6 26. Qxa6 Bxb7 27.
Qxb7 Qd4+ 28. Kh1 Qd3 29. Rcc1 Rf7 30. Qc6 Ref8 31. h3 Rf1+ 32. Rxf1 Rxf1+ 33.
Rxf1 Qxf1+ 34. Kh2 Qf4+ 1/2-1/2

[Event "36. Copenhagen Open (Politiken Cup)"]
[Site "Elsinore"]
[Date "2014.07.22"]
[Round "3"]
[White "Nielsen, Kai Gylling"]
[Black "Fossan, Andreas"]
[Result "0-1"]
[WhiteElo "1897"]
[BlackElo "1712"]
[PlyCount "64"]
[EventDate "2014.07.21"]
[EventType "swiss"]
[EventRounds "10"]
[EventCountry "DEN"]
[Source "ChessBase"]
[SourceDate "2014.08.29"]

1. Nf3 Nf6 2. g3 g6 3. d4 Bg7 4. c4 O-O 5. Nc3 d6 6. e4 Nbd7 7. Be3 e5 8. d5
Nc5 9. Bxc5 dxc5 10. Bg2 Ne8 11. Qc2 Nd6 12. Nd2 f5 13. O-O b6 14. a4 a5 15.
Rad1 f4 16. f3 h5 17. gxf4 exf4 18. e5 Bf5 19. Nce4 Bxe5 20. Qb3 Qh4 21. Kh1
Nxe4 22. fxe4 Bxe4 23. Nf3 Qf6 24. Rde1 Bxf3 25. Bxf3 Rae8 26. Re2 Bd4 27. Rg2
Kh8 28. Qc2 Rg8 29. Be4 Rg7 30. Bxg6 Reg8 31. Be4 f3 32. Rxg7 Qxg7 0-1

[Event "36. Copenhagen Open (Politiken Cup)"]
[Site "Elsinore"]
[Date "2014.07.22"]
[Round "3"]
[White "Nielsen, Lars Aaes"]
[Black "Cornette, Matthieu"]
[Result "0-1"]
[WhiteElo "2257"]
[BlackElo "2532"]
[PlyCount "50"]
[EventDate "2014.07.21"]
[EventType "swiss"]
[EventRounds "10"]
[EventCountry "DEN"]
[Source "ChessBase"]
[SourceDate "2014.08.29"]

1. e4 c5 2. c3 d5 3. exd5 Qxd5 4. d4 Nc6 5. Nf3 Bf5 6. Be3 Nf6 7. Na3 cxd4 8.
Nb5 O-O-O 9. Nbxd4 Ng4 10. Nxf5 Qxf5 11. Nd4 Nxd4 12. cxd4 Nxe3 13. fxe3 e5 14.
Qa4 Kb8 15. d5 Bc5 16. e4 Qf2+ 17. Kd1 Qxb2 18. Rc1 Ba3 19. Rc2 Qb1+ 20. Ke2
Bb4 21. Qb3 Qe1+ 22. Kf3 Rd6 23. Re2 Rf6+ 24. Ke3 Qc1+ 25. Kd3 Rc8 0-1

[Event "36. Copenhagen Open (Politiken Cup)"]
[Site "Elsinore"]
[Date "2014.07.22"]
[Round "3"]
[White "Nielsen, Leo"]
[Black "Bremer, Erik"]
[Result "1-0"]
[WhiteElo "1737"]
[BlackElo "1498"]
[PlyCount "56"]
[EventDate "2014.07.21"]
[EventType "swiss"]
[EventRounds "10"]
[EventCountry "DEN"]
[Source "ChessBase"]
[SourceDate "2014.08.29"]

1. e4 c5 2. Nf3 d6 3. Bc4 e6 4. Nc3 Nc6 5. d4 cxd4 6. Nxd4 a6 7. a4 Nf6 8. Bg5
Be7 9. O-O O-O 10. Kh1 Qc7 11. Nxc6 bxc6 12. f4 Bb7 13. Bd3 c5 14. Qe2 Rfc8 15.
b3 Qa5 16. Nd1 c4 17. bxc4 h6 18. Bh4 Kf8 19. e5 Ne8 20. Bg3 dxe5 21. fxe5 Bb4
22. Qg4 Qc5 23. Qxe6 Bxg2+ 24. Kxg2 Ra7 25. Qf5 Rac7 26. Bf2 Qc6+ 27. Qe4 Qe6
28. Ne3 Re7 1-0

[Event "36. Copenhagen Open (Politiken Cup)"]
[Site "Elsinore"]
[Date "2014.07.22"]
[Round "3"]
[White "Nielsen, Morten"]
[Black "Leutwyler, Martin"]
[Result "0-1"]
[WhiteElo "1970"]
[BlackElo "2190"]
[PlyCount "88"]
[EventDate "2014.07.21"]
[EventType "swiss"]
[EventRounds "10"]
[EventCountry "DEN"]
[Source "ChessBase"]
[SourceDate "2014.08.29"]

1. e4 c6 2. c4 d5 3. exd5 cxd5 4. cxd5 Nf6 5. Bb5+ Nbd7 6. Nc3 a6 7. Bxd7+ Qxd7
8. Qb3 Qg4 9. g3 g6 10. d4 Bg7 11. Bf4 O-O 12. h3 Qf5 13. Nge2 b5 14. Be5 Bb7
15. Nf4 g5 16. g4 Qc8 17. Nh5 Nxh5 18. gxh5 f6 19. Bg3 Kh8 20. O-O-O Qf5 21.
Qc2 Qxc2+ 22. Kxc2 b4 23. Na4 Bxd5 24. Rhe1 Bf3 25. Rxe7 Bxd1+ 26. Kxd1 Rfd8
27. Bc7 Rxd4+ 28. Ke2 Bf8 29. Rf7 Re4+ 30. Kd3 Re7 31. Rxe7 Bxe7 32. Nb6 Ra7
33. Nd5 Kg7 34. Kc4 Kf7 35. Bb6 Rb7 36. b3 Bd6 37. Bd4 f5 38. Bc5 Bxc5 39. Kxc5
a5 40. Kc6 Rb8 41. Nb6 Re8 42. Nc4 Re2 43. Nxa5 Rxf2 44. Kc5 g4 0-1

[Event "36. Copenhagen Open (Politiken Cup)"]
[Site "Elsinore"]
[Date "2014.07.22"]
[Round "3"]
[White "Nielsen, Palle"]
[Black "Olsen, Michael Richard W"]
[Result "0-1"]
[WhiteElo "1771"]
[BlackElo "1990"]
[PlyCount "46"]
[EventDate "2014.07.21"]
[EventType "swiss"]
[EventRounds "10"]
[EventCountry "DEN"]
[Source "ChessBase"]
[SourceDate "2014.08.29"]

1. d4 d6 2. Nf3 Nf6 3. c4 Nbd7 4. Nc3 c6 5. e3 g6 6. Be2 Bg7 7. O-O O-O 8. Qc2
b6 9. b3 a6 10. Bb2 e6 11. Rad1 Ne8 12. d5 cxd5 13. cxd5 e5 14. e4 Bb7 15. b4
Rc8 16. Bd3 Ndf6 17. Qe2 Nh5 18. Bxa6 Nf4 19. Qb5 Nc7 20. Qxb6 Bxa6 21. a3 Bxf1
22. Kxf1 Qd7 23. Qe3 Qg4 0-1

[Event "36. Copenhagen Open (Politiken Cup)"]
[Site "Elsinore"]
[Date "2014.07.22"]
[Round "3"]
[White "Nilssen, John Arni"]
[Black "Stam, Bart"]
[Result "1-0"]
[WhiteElo "2322"]
[BlackElo "2017"]
[PlyCount "113"]
[EventDate "2014.07.21"]
[EventType "swiss"]
[EventRounds "10"]
[EventCountry "DEN"]
[Source "ChessBase"]
[SourceDate "2014.08.29"]

1. d4 d5 2. c4 Bf5 3. cxd5 Bxb1 4. Qa4+ c6 5. Rxb1 Qxd5 6. Nf3 Nd7 7. a3 Ngf6
8. e3 Qf5 9. Ra1 Nb6 10. Qb3 e6 11. Bd3 Qd5 12. Qc2 Rc8 13. b4 Be7 14. Bd2 Qd8
15. e4 h6 16. O-O O-O 17. a4 Nbd7 18. Rfc1 Qc7 19. Qb2 Qb8 20. g3 Rfd8 21. Bf4
Qa8 22. a5 Nf8 23. Qb3 Ng6 24. Bd2 Nf8 25. h3 Qb8 26. Bf4 Qa8 27. Kg2 Ng6 28.
Be3 Nf8 29. Qc3 Ng6 30. Qb3 Nf8 31. Rd1 N8d7 32. Qb2 Nf8 33. Bc2 N8h7 34. Nd2
Qb8 35. Bf4 Qa8 36. Nc4 g5 37. Be5 Nd7 38. Bd6 Bxd6 39. Nxd6 Rc7 40. e5 Ndf8
41. f4 gxf4 42. gxf4 Ng6 43. Kh2 Rxd6 44. exd6 Rd7 45. d5 cxd5 46. f5 exf5 47.
Rxd5 Qd8 48. Qd4 Nf6 49. Bxf5 Nxd5 50. Bxd7 Qxd7 51. Qxd5 Nf4 52. Qf3 Qxd6 53.
Qg3+ Kf8 54. Rf1 Qd2+ 55. Rf2 Ne2 56. Qb8+ Kg7 57. Qe5+ 1-0

[Event "36. Copenhagen Open (Politiken Cup)"]
[Site "Elsinore"]
[Date "2014.07.22"]
[Round "3"]
[White "Nilsson, Carl Axel"]
[Black "Philipsen, William Horup"]
[Result "0-1"]
[WhiteElo "1696"]
[BlackElo "1951"]
[PlyCount "86"]
[EventDate "2014.07.21"]
[EventType "swiss"]
[EventRounds "10"]
[EventCountry "DEN"]
[Source "ChessBase"]
[SourceDate "2014.08.29"]

1. e4 e5 2. Nf3 Nc6 3. Bb5 f5 4. d3 fxe4 5. dxe4 Nf6 6. Qe2 Bc5 7. Nc3 d6 8.
Bg5 O-O 9. Bc4+ Kh8 10. Nd5 b5 11. Bb3 Na5 12. O-O-O Nxb3+ 13. axb3 c6 14. Nxf6
gxf6 15. Be3 Qa5 16. Bxc5 dxc5 17. c4 Be6 18. Qd2 Qa2 19. Qc3 bxc4 20. bxc4
Rab8 21. Nd2 Rb4 22. b3 Rfb8 23. Qc2 Qa1+ 24. Qb1 Qd4 25. Rhf1 a5 26. Qb2 Qd7
27. Qc3 a4 28. Kc2 axb3+ 29. Kb2 Qd4 30. Qxd4 cxd4 31. Rc1 c5 32. f4 Ra4 33.
Ra1 Rxa1 34. Rxa1 Rb4 35. Ra5 Bxc4 36. fxe5 Bb5 37. exf6 Kg8 38. Ra7 c4 39. Nf3
c3+ 40. Ka3 b2 41. Rg7+ Kf8 42. Ng5 Ra4+ 43. Kb3 b1=Q# 0-1

[Event "36. Copenhagen Open (Politiken Cup)"]
[Site "Elsinore"]
[Date "2014.07.22"]
[Round "3"]
[White "Nordin, Eric"]
[Black "Nielsen, Klaus"]
[Result "0-1"]
[WhiteElo "1852"]
[BlackElo "2067"]
[PlyCount "78"]
[EventDate "2014.07.21"]
[EventType "swiss"]
[EventRounds "10"]
[EventCountry "DEN"]
[Source "ChessBase"]
[SourceDate "2014.08.29"]

1. e4 c5 2. Nc3 Nc6 3. f4 g6 4. Nf3 Bg7 5. Bb5 Nd4 6. O-O e6 7. d3 Ne7 8. e5 a6
9. Ba4 b5 10. Bb3 d5 11. Nxd4 cxd4 12. Ne2 Qb6 13. Ng3 h5 14. h4 a5 15. a3 a4
16. Ba2 Qd8 17. Qe1 Nc6 18. Ne2 f6 19. Qg3 Kf7 20. f5 gxf5 21. exf6 Bxf6 22.
Bg5 Bxg5 23. hxg5 h4 24. Qf4 e5 25. Qf3 Be6 26. Rae1 Qd6 27. g4 hxg3 28. Qxg3
Rag8 29. Kf2 Rh5 30. Rg1 f4 31. g6+ Kg7 32. Qg2 f3 33. Ng3 fxg2 34. Nxh5+ Kh6
35. Rxg2 Rxg6 36. Ng3 Qf8+ 37. Ke2 Bg4+ 38. Kd2 Qf4+ 39. Re3 Qxe3# 0-1

[Event "36. Copenhagen Open (Politiken Cup)"]
[Site "Elsinore"]
[Date "2014.07.22"]
[Round "3"]
[White "Olofsson Dolk, Mattis"]
[Black "Smerdon, David"]
[Result "1/2-1/2"]
[WhiteElo "2143"]
[BlackElo "2519"]
[PlyCount "147"]
[EventDate "2014.07.21"]
[EventType "swiss"]
[EventRounds "10"]
[EventCountry "DEN"]
[Source "ChessBase"]
[SourceDate "2014.08.29"]

1. e4 d5 2. exd5 Qxd5 3. Nc3 Qa5 4. d4 Nf6 5. Nf3 Bf5 6. Bc4 e6 7. Bd2 Bb4 8.
O-O O-O 9. Re1 Nc6 10. a3 Bxc3 11. Bxc3 Qb6 12. Ne5 Rfd8 13. Nxc6 Qxc6 14. Bd3
Ne4 15. Bxe4 Bxe4 16. Qg4 Bg6 17. Qe2 Rd5 18. Rad1 Rad8 19. Rd2 Rh5 20. Qe3 h6
21. b3 Qd6 22. Qg3 Qxa3 23. Qxc7 Qd6 24. Qxd6 Rxd6 25. Bb2 Rc6 26. c4 Ra5 27.
f3 Ra2 28. Kf2 b5 29. Rc1 bxc4 30. bxc4 a5 31. c5 f6 32. Ra1 Rxa1 33. Bxa1 a4
34. Bb2 Rc8 35. Ba3 Be8 36. Rb2 Bc6 37. Rb4 Kf7 38. Ke3 g5 39. g3 Ke7 40. Rb6
e5 41. Rb4 Ke6 42. dxe5 fxe5 43. f4 Re8 44. fxe5 Kxe5 45. Rd4 Rb8 46. Rd6 Rb3+
47. Rd3 Rb1 48. Rd2 Rb3+ 49. Rd3 Rb1 50. Rd2 Re1+ 51. Re2 Rf1 52. Rf2 Rxf2 53.
Kxf2 Kd4 54. h4 g4 55. Bb2+ Kd3 56. Bg7 h5 57. Bf6 a3 58. Bg7 a2 59. Bf6 Be8
60. Bg7 Kd2 61. Bf6 Kd3 62. Bg7 Bb5 63. Be5 Kc4 64. Ke3 Kxc5 65. Bg7 Kc4 66.
Kd2 Kb3 67. Kc1 Bc6 68. Bf6 Bd5 69. Bg7 Be6 70. Bf6 Kc4 71. Kb2 Kd3 72. Be5 Ke4
73. Bb8 Kf3 74. Bf4 1/2-1/2

[Event "36. Copenhagen Open (Politiken Cup)"]
[Site "Elsinore"]
[Date "2014.07.22"]
[Round "3"]
[White "Olsarova, Tereza"]
[Black "Schandorff, Lars"]
[Result "1/2-1/2"]
[WhiteElo "2251"]
[BlackElo "2529"]
[PlyCount "47"]
[EventDate "2014.07.21"]
[EventType "swiss"]
[EventRounds "10"]
[EventCountry "DEN"]
[Source "ChessBase"]
[SourceDate "2014.08.29"]

1. e4 c6 2. d4 d5 3. Nd2 dxe4 4. Nxe4 Bf5 5. Ng3 Bg6 6. Nf3 Nd7 7. h4 h6 8. h5
Bh7 9. Bd3 Bxd3 10. Qxd3 e6 11. Bd2 Ngf6 12. O-O-O Be7 13. Kb1 Qb6 14. c4 O-O
15. Ne4 Rad8 16. g4 Nxg4 17. Qe2 Kh8 18. Rhg1 Ngf6 19. Bxh6 gxh6 20. Qe3 Kh7
21. Qd3 Kh8 22. Qe3 Kh7 23. Qd3 Kh8 24. Qe3 1/2-1/2

[Event "36. Copenhagen Open (Politiken Cup)"]
[Site "Elsinore"]
[Date "2014.07.22"]
[Round "3"]
[White "Olsson, Tomas"]
[Black "Marder, Simon"]
[Result "1/2-1/2"]
[WhiteElo "1872"]
[BlackElo "2082"]
[PlyCount "28"]
[EventDate "2014.07.21"]
[EventType "swiss"]
[EventRounds "10"]
[EventCountry "DEN"]
[Source "ChessBase"]
[SourceDate "2014.08.29"]

1. e4 Nc6 2. Nc3 e6 3. d4 d5 4. Nf3 dxe4 5. Nxe4 Qd5 6. Nc3 Bb4 7. Bd2 Bxc3 8.
Bxc3 Nf6 9. Bd3 Ne4 10. O-O Nxc3 11. bxc3 O-O 12. Re1 Qh5 13. Rb1 a6 14. Qd2
Qh6 1/2-1/2

[Event "36. Copenhagen Open (Politiken Cup)"]
[Site "Elsinore"]
[Date "2014.07.22"]
[Round "3"]
[White "Pallesen, Jacob"]
[Black "Morkedal, Oyvind"]
[Result "1/2-1/2"]
[WhiteElo "2031"]
[BlackElo "1719"]
[PlyCount "46"]
[EventDate "2014.07.21"]
[EventType "swiss"]
[EventRounds "10"]
[EventCountry "DEN"]
[Source "ChessBase"]
[SourceDate "2014.08.29"]

1. d4 Nf6 2. Nf3 d5 3. c4 c6 4. e3 Bf5 5. Nc3 e6 6. Bd3 Bxd3 7. Qxd3 Bb4 8. O-O
O-O 9. a3 Bxc3 10. bxc3 Qc7 11. Nd2 Ng4 12. g3 Nd7 13. f3 Ngf6 14. e4 dxe4 15.
fxe4 Rad8 16. Nf3 Nc5 17. Qc2 Ncxe4 18. Ng5 Nxg5 19. Bxg5 Qe7 20. Qd2 Ne4 21.
Bxe7 Nxd2 22. Rf2 Nxc4 23. Bxd8 Rxd8 1/2-1/2

[Event "36. Copenhagen Open (Politiken Cup)"]
[Site "Elsinore"]
[Date "2014.07.22"]
[Round "3"]
[White "Palm, Nikolaj"]
[Black "Edouard, Romain"]
[Result "0-1"]
[WhiteElo "2332"]
[BlackElo "2679"]
[PlyCount "48"]
[EventDate "2014.07.21"]
[EventType "swiss"]
[EventRounds "10"]
[EventCountry "DEN"]
[Source "ChessBase"]
[SourceDate "2014.08.29"]

1. d4 Nf6 2. Nf3 c5 3. e3 g6 4. b3 Bg7 5. Bb2 cxd4 6. exd4 O-O 7. Bd3 Nc6 8.
O-O d5 9. Re1 Bg4 10. h3 Bxf3 11. Qxf3 Ne4 12. c3 f5 13. Qe2 e5 14. f3 exd4 15.
fxe4 fxe4 16. Bb5 Qb6 17. Kh1 d3 18. Bxd3 Rf2 19. Qd1 Rxb2 20. Bc2 Rd8 21. b4
Qf2 22. Re2 Qg3 23. Nd2 Qxc3 24. Rc1 Qxb4 0-1

[Event "36. Copenhagen Open (Politiken Cup)"]
[Site "Elsinore"]
[Date "2014.07.22"]
[Round "3"]
[White "Pedersen, Carl Aage"]
[Black "Lien, Kjell Hakon"]
[Result "1/2-1/2"]
[WhiteElo "1769"]
[BlackElo "2022"]
[PlyCount "115"]
[EventDate "2014.07.21"]
[EventType "swiss"]
[EventRounds "10"]
[EventCountry "DEN"]
[Source "ChessBase"]
[SourceDate "2014.08.29"]

1. d4 d5 2. c4 e6 3. Nc3 c6 4. Nf3 dxc4 5. a4 Bb4 6. Bd2 a5 7. e3 b5 8. Be2 Bb7
9. O-O Bxc3 10. bxc3 Nd7 11. Qb1 Ba6 12. Qa2 Nb6 13. axb5 Bxb5 14. Ne5 Nf6 15.
Rfe1 Ne4 16. f3 Nxd2 17. Qxd2 f6 18. Ng4 O-O 19. Nf2 f5 20. Nd1 Qd5 21. Nb2 e5
22. Bd1 e4 23. f4 c5 24. Na4 Bxa4 25. Bxa4 cxd4 26. cxd4 Rf7 27. Reb1 Nxa4 28.
Rxa4 Rc7 29. Qc3 h6 30. Rba1 Rb7 31. Qxc4 Qxc4 32. Rxc4 Rb3 33. Rca4 Rxe3 34.
Rxa5 Rb8 35. Ra8 Re1+ 36. Rxe1 Rxa8 37. Rb1 Kf7 38. Rb5 Kg6 39. Re5 Ra1+ 40.
Kf2 Ra2+ 41. Kf1 Rd2 42. d5 Kf6 43. h3 g6 44. Re6+ Kf7 45. Re5 Ra2 46. g4 fxg4
47. hxg4 Rd2 48. Rxe4 Rxd5 49. Ke2 Ra5 50. Kf3 Kf6 51. Re3 g5 52. Rb3 gxf4 53.
Kxf4 Ra4+ 54. Kg3 Kg5 55. Rb5+ Kg6 56. Rb6+ Kg5 57. Rb5+ Kg6 58. Rb6+ 1/2-1/2

[Event "36. Copenhagen Open (Politiken Cup)"]
[Site "Elsinore"]
[Date "2014.07.22"]
[Round "3"]
[White "Percivaldi, Martin"]
[Black "Hyldkrog, Lars"]
[Result "1-0"]
[WhiteElo "2170"]
[BlackElo "1963"]
[PlyCount "89"]
[EventDate "2014.07.21"]
[EventType "swiss"]
[EventRounds "10"]
[EventCountry "DEN"]
[Source "ChessBase"]
[SourceDate "2014.08.29"]

1. d4 d5 2. c4 e6 3. Nf3 Nf6 4. g3 Bb4+ 5. Nbd2 O-O 6. Bg2 c6 7. O-O Nbd7 8.
Qc2 b6 9. e4 dxc4 10. Nxc4 Ba6 11. e5 Nd5 12. Ng5 g6 13. Ne4 Be7 14. Bh6 Re8
15. Rfd1 Bxc4 16. Qxc4 Rc8 17. Qb3 c5 18. dxc5 Nxe5 19. Bf4 Ng4 20. h3 Ngf6 21.
Nxf6+ Bxf6 22. Bxd5 exd5 23. Rxd5 Qe7 24. cxb6 axb6 25. Qxb6 Rc2 26. Rb5 Qe2
27. Rb3 Bxb2 28. Rf1 Ra8 29. a4 Rxa4 30. Qb8+ Kg7 31. Rxb2 Rxb2 32. Be5+ Kh6
33. Bxb2 Qe7 34. Qh8 f6 35. Qxf6 Qxf6 36. Bxf6 g5 37. Kg2 Kg6 38. Bc3 h6 39.
Bd2 Ra2 40. Be3 Ra4 41. Rb1 Rc4 42. Kf3 Ra4 43. Rb6+ Kh5 44. g4+ Kh4 45. Rxh6#
1-0

[Event "36. Copenhagen Open (Politiken Cup)"]
[Site "Elsinore"]
[Date "2014.07.22"]
[Round "3"]
[White "Petersen, Jan"]
[Black "Rasmussen, Morten(1956)"]
[Result "1-0"]
[WhiteElo "1638"]
[BlackElo "1861"]
[PlyCount "71"]
[EventDate "2014.07.21"]
[EventType "swiss"]
[EventRounds "10"]
[EventCountry "DEN"]
[Source "ChessBase"]
[SourceDate "2014.08.29"]

1. d4 f5 2. c4 Nf6 3. Nc3 g6 4. Bg5 Bg7 5. e3 d6 6. g3 O-O 7. Bg2 c6 8. Nge2
Qc7 9. e4 h6 10. Bd2 fxe4 11. Nxe4 Kh7 12. O-O Bf5 13. N4c3 Qd7 14. d5 Na6 15.
dxc6 bxc6 16. Qa4 Nb8 17. Nd4 Ne4 18. Nxe4 Bxd4 19. Bc3 Bxc3 20. Nxc3 Bh3 21.
Rae1 Bxg2 22. Kxg2 e5 23. Rd1 Qc7 24. Ne4 Rd8 25. Rd2 Nd7 26. Rxd6 Nc5 27. Rxc6
Nxa4 28. Rxc7+ Kg8 29. Nf6+ Kf8 30. Re1 Rd6 31. Nh7+ Ke8 32. Rxe5+ Kd8 33. Rce7
Rc8 34. b3 Nc3 35. Re8+ Kc7 36. Rc5+ 1-0

[Event "36. Copenhagen Open (Politiken Cup)"]
[Site "Elsinore"]
[Date "2014.07.22"]
[Round "3"]
[White "Petersen, Peter Birk"]
[Black "Mott, Jens"]
[Result "1/2-1/2"]
[WhiteElo "2126"]
[BlackElo "1881"]
[PlyCount "64"]
[EventDate "2014.07.21"]
[EventType "swiss"]
[EventRounds "10"]
[EventCountry "DEN"]
[Source "ChessBase"]
[SourceDate "2014.08.29"]

1. e4 e6 2. d4 d5 3. Nd2 a6 4. Ngf3 dxe4 5. Nxe4 Nf6 6. Bd3 Nc6 7. O-O Be7 8.
c3 h6 9. Qe2 b6 10. Ne5 Nxe5 11. dxe5 Nd7 12. Bf4 Bb7 13. Rad1 Qc8 14. Bg3 Nc5
15. Nxc5 Bxc5 16. Bc2 b5 17. Qg4 Kf8 18. h4 Qe8 19. Kh2 h5 20. Qe2 Be7 21. f4
g6 22. Be4 Bxe4 23. Qxe4 Kg7 24. Rd3 Rd8 25. Rfd1 Rxd3 26. Rxd3 Qa8 27. Qxa8
Rxa8 28. Rd7 Bd8 29. Bf2 Kf8 30. Kg3 Ke8 31. Rd2 Be7 32. Kf3 Rd8 1/2-1/2

[Event "36. Copenhagen Open (Politiken Cup)"]
[Site "Elsinore"]
[Date "2014.07.22"]
[Round "3"]
[White "Poulsen, Iver"]
[Black "Tretvold, Martin"]
[Result "1-0"]
[WhiteElo "2092"]
[BlackElo "1857"]
[PlyCount "79"]
[EventDate "2014.07.21"]
[EventType "swiss"]
[EventRounds "10"]
[EventCountry "DEN"]
[Source "ChessBase"]
[SourceDate "2014.08.29"]

1. e4 b6 2. Nc3 Bb7 3. d4 e6 4. Nf3 d6 5. Bd3 Be7 6. Qe2 Nf6 7. Bf4 O-O 8. h3
Nc6 9. Ba6 Bxa6 10. Qxa6 d5 11. exd5 Nb4 12. Qe2 Nfxd5 13. Nxd5 Qxd5 14. a3 Qf5
15. axb4 Qxf4 16. c3 Bd6 17. O-O Qf5 18. b5 Rfe8 19. Rfe1 f6 20. Qc4 Kh8 21.
Qc6 e5 22. dxe5 fxe5 23. Rxa7 Rad8 24. Qe4 Qh5 25. Ra4 Bc5 26. Qg4 Qf7 27. Rae4
Re6 28. R4e2 Rf6 29. Nxe5 Qd5 30. Nf3 Rdf8 31. b4 Bd6 32. Nd4 Qf7 33. Qe4 Rxf2
34. Nf3 Bg3 35. Rxf2 Qd7 36. Rd2 Qxb5 37. Red1 Rg8 38. Rd8 Bd6 39. Rxg8+ Kxg8
40. Qd5+ 1-0

[Event "36. Copenhagen Open (Politiken Cup)"]
[Site "Elsinore"]
[Date "2014.07.22"]
[Round "3"]
[White "Preuss, Flemming"]
[Black "Thorsbro, Peter"]
[Result "0-1"]
[WhiteElo "2015"]
[BlackElo "2216"]
[PlyCount "134"]
[EventDate "2014.07.21"]
[EventType "swiss"]
[EventRounds "10"]
[EventCountry "DEN"]
[Source "ChessBase"]
[SourceDate "2014.08.29"]

1. f4 d5 2. Nf3 g6 3. g3 Bg7 4. d3 Nf6 5. Bg2 O-O 6. O-O c5 7. Qe1 d4 8. Na3
Nd5 9. Bd2 Nc6 10. c3 e5 11. Nxe5 Nxe5 12. fxe5 Bxe5 13. Nc4 Bg7 14. e4 dxc3
15. bxc3 Nb6 16. Nb2 Be6 17. Qe3 Rc8 18. Kh1 Qd7 19. Rfc1 Rfd8 20. Rf1 Nc4 21.
Nxc4 Bxc4 22. dxc4 Qxd2 23. Qf3 Qd7 24. Rad1 Qe6 25. Rd5 Re8 26. h4 Rc7 27. Kh2
Qa6 28. Rxc5 Rce7 29. Qd3 Qxa2 30. Kh1 Qa3 31. Rd5 Qxc3 32. Qxc3 Bxc3 33. Rfd1
a5 34. R1d3 Bb4 35. Rb5 Rc8 36. e5 Rxc4 37. Bxb7 Rc1+ 38. Kg2 Re1 39. Rd8+ Kg7
40. Rdd5 Bc3 41. Kf2 R1xe5 42. Rxe5 Rxe5 43. Rxe5 Bxe5 44. Bc6 f5 45. Kf3 h6
46. g4 Kf6 47. h5 f4 48. hxg6 Kxg6 49. Ba4 Kg5 50. Bd1 Bb2 51. Ba4 Bc1 52. Bd1
h5 53. gxh5 Kxh5 54. Ba4 Kg5 55. Bd7 Kf6 56. Ke4 Ke7 57. Ba4 Kd6 58. Kd4 f3 59.
Bd1 f2 60. Be2 a4 61. Kc3 a3 62. Kb3 Kc5 63. Ka2 Kb4 64. Kb1 Kc3 65. Bf1 Kb3
66. Bd3 a2+ 67. Ka1 Bb2# 0-1

[Event "36. Copenhagen Open (Politiken Cup)"]
[Site "Elsinore"]
[Date "2014.07.22"]
[Round "3"]
[White "Quiroga, Walter Gonzalo"]
[Black "Paulsson, Anders"]
[Result "1/2-1/2"]
[WhiteElo "1553"]
[BlackElo "1788"]
[PlyCount "86"]
[EventDate "2014.07.21"]
[EventType "swiss"]
[EventRounds "10"]
[EventCountry "DEN"]
[Source "ChessBase"]
[SourceDate "2014.08.29"]

1. d4 d5 2. c4 e6 3. Nf3 c6 4. e3 Nf6 5. Nc3 Bd6 6. Bd3 dxc4 7. Bxc4 Nd5 8. e4
Nxc3 9. bxc3 O-O 10. O-O Nd7 11. e5 Be7 12. Qd3 a5 13. Bb3 Nc5 14. Qc2 Nxb3 15.
axb3 b5 16. Ba3 Bb7 17. Bc5 Bxc5 18. dxc5 Qe7 19. b4 a4 20. Rfd1 Rfd8 21. Rd6
h6 22. Nd4 Rxd6 23. exd6 Qf6 24. Qe4 a3 25. Nxb5 a2 26. Nd4 Ra3 27. Qc2 e5 28.
Ne2 Qe6 29. Nc1 e4 30. Rxa2 Rxa2 31. Qxa2 Qf6 32. Qd2 Bc8 33. Ne2 Bd7 34. Qd4
Qg6 35. Ng3 f5 36. Qe3 h5 37. Ne2 Qf6 38. f3 exf3 39. Qxf3 h4 40. Qd3 f4 41.
Qd4 Qe6 42. Kf2 g5 43. c4 h3 1/2-1/2

[Event "36. Copenhagen Open (Politiken Cup)"]
[Site "Elsinore"]
[Date "2014.07.22"]
[Round "3"]
[White "Ramirez, Alejandro"]
[Black "Buchal, Stephan"]
[Result "1/2-1/2"]
[WhiteElo "2580"]
[BlackElo "2295"]
[PlyCount "47"]
[EventDate "2014.07.21"]
[EventType "swiss"]
[EventRounds "10"]
[EventCountry "DEN"]
[Source "ChessBase"]
[SourceDate "2014.08.29"]

1. d4 g6 2. e4 Bg7 3. Nf3 d6 4. Bc4 Nf6 5. Qe2 O-O 6. h3 c6 7. e5 Ne8 8. O-O
Nc7 9. Rd1 Be6 10. Bxe6 Nxe6 11. c3 Nd7 12. exd6 exd6 13. d5 cxd5 14. Rxd5 Nb6
15. Rd1 Re8 16. Be3 d5 17. Na3 Qf6 18. Qd2 Rad8 19. Bxb6 axb6 20. Nb5 Nf4 21.
Nbd4 Re4 22. g3 Ne2+ 23. Kg2 Nxd4 24. cxd4 1/2-1/2